Инженерная экономика - путь к развитию предпринимательства в инженерном деле; Инженерное образование; № 7

Xehetasun bibliografikoak
Parent link:Инженерное образование: электронный научный журнал/ Ассоциация инженерного образования России (АИОР).— : [Б. и.], 2003-.— 1810-2883
№ 7.— 2011.— [С. 38-47]
Egile nagusia: Путилов А. В. Александр Валентинович
Gaia:Заглавие с титульного листа
В статье описаны подходы к развитию предпринимательства в инженерном деле на базе высоких технологий. Отмечена необходимость формирования инжиниринговых (инженерно-экономических) центров как субъектов модернизации инженерного образования и постепенного перехода к инновационному предпринимательству в рамках технологической модернизации страны. Описаны методы технологического маркетинга как инструментария к формированию рыночных подходов в инженерном деле и совершенствованию региональной инновационной политики.
The article describes the approaches to the development of entrepreneurship in engineering based on high technologies. It highlights the need to found engineering (engineering and economics centers) as the subjects of the modernization of engineering education and the gradual transition to innovative entrepreneurship in the technological modernization of the country. The article presents some methods of technological marketing as tools to create market-based approaches in engineering and improve regional innovation policies.
Hizkuntza:errusiera
Argitaratua: 2011
Saila:Решения
Gaiak:
Sarrera elektronikoa:https://old.aeer.ru/files/io/m7/art_6.pdf
Formatua: MixedMaterials Baliabide elektronikoa Liburu kapitulua
KOHA link:https://koha.lib.tpu.ru/cgi-bin/koha/opac-detail.pl?biblionumber=513303

MARC

LEADER 00000naa2a2200000 4500
001 513303
005 20250520152631.0
035 |a (RuTPU)RU\TPU\prd\190161 
035 |a RU\TPU\prd\190110 
090 |a 513303 
100 |a 20130716d2011 k y0rusy50 ca 
101 0 |a rus 
102 |a RU 
135 |a drnn ---uucaa 
181 0 |a i  
182 0 |a b 
200 1 |a Инженерная экономика - путь к развитию предпринимательства в инженерном деле  |b Электронный ресурс  |f А. В. Путилов 
203 |a Текст  |c электронный 
215 |a 1 файл (150 Кб) 
225 1 |a Решения 
230 |a Электронные текстовые данные (1 файл : 150 Кб) 
300 |a Заглавие с титульного листа 
320 |a [Библиогр.: с. 47 (19 назв.)] 
330 |a В статье описаны подходы к развитию предпринимательства в инженерном деле на базе высоких технологий. Отмечена необходимость формирования инжиниринговых (инженерно-экономических) центров как субъектов модернизации инженерного образования и постепенного перехода к инновационному предпринимательству в рамках технологической модернизации страны. Описаны методы технологического маркетинга как инструментария к формированию рыночных подходов в инженерном деле и совершенствованию региональной инновационной политики. 
330 |a The article describes the approaches to the development of entrepreneurship in engineering based on high technologies. It highlights the need to found engineering (engineering and economics centers) as the subjects of the modernization of engineering education and the gradual transition to innovative entrepreneurship in the technological modernization of the country. The article presents some methods of technological marketing as tools to create market-based approaches in engineering and improve regional innovation policies. 
337 |a Adobe Reader 
461 1 |0 (RuTPU)RU\TPU\prd\176632  |x 1810-2883  |t Инженерное образование  |o электронный научный журнал  |f Ассоциация инженерного образования России (АИОР)  |n [Б. и.]  |d 2003- 
463 1 |0 (RuTPU)RU\TPU\prd\190061  |t № 7  |v [С. 38-47]  |d 2011 
610 1 |a российское образование 
610 1 |a инженерное образование 
610 1 |a инженерная экономика 
610 1 |a технологический маркетинг 
610 1 |a инновационный бизнес 
610 1 |a модернизация 
610 1 |a электронный ресурс 
700 1 |a Путилов  |b А. В.  |g Александр Валентинович 
801 1 |a RU  |b 63413507  |c 20090623  |g PSBO 
801 2 |a RU  |b 63413507  |c 20130716  |g PSBO 
856 4 |u https://old.aeer.ru/files/io/m7/art_6.pdf 
942 |c BK